Kinh tế Việt Nam đổi mới : Những phân tích và đánh giá quan trọng = Vietnam economy in the years of reform /
Đã lưu trong:
| Tác giả khác: | , , , |
|---|---|
| Định dạng: | Sách giấy |
| Ngôn ngữ: | Vietnamese |
| Được phát hành: |
H. :
Thống kê,
2002
|
| Các nhãn: |
Thêm thẻ
Không có thẻ, Là người đầu tiên thẻ bản ghi này!
|
| Thư viện lưu trữ: | Thư viện Trường Đại học Đà Lạt |
|---|
| LEADER | 00881nam a2200313 4500 | ||
|---|---|---|---|
| 001 | DLU030024748 | ||
| 003 | ##DLU | ||
| 005 | ##20021230 | ||
| 008 | ##021230t vn z000 vie d | ||
| 040 | # | # | |a DLU |b vie |
| 041 | # | # | |a vie |
| 044 | # | # | |a vn |
| 082 | # | # | |a 330.959 7 |b Kin |
| 245 | # | # | |a Kinh tế Việt Nam đổi mới : |b Những phân tích và đánh giá quan trọng = Vietnam economy in the years of reform / |c Nguyễn Văn Chỉnh, ... [và những người khác] |
| 260 | # | # | |a H. : |b Thống kê, |c 2002 |
| 300 | # | # | |a 808 tr. ; |c 25 cm |
| 700 | # | # | |a Lê Hoàng |
| 700 | # | # | |a Nguyễn Văn Chỉnh |
| 700 | # | # | |a Trần Vân |
| 700 | # | # | |a Vũ Quang Việt |
| 992 | # | # | |a 190000 |
| 994 | # | # | |a DLU |
| 900 | # | # | |a True |
| 911 | # | # | |a Thái Thị Thanh Thủy |
| 925 | # | # | |a G |
| 926 | # | # | |a A |
| 927 | # | # | |a SH |
| 980 | # | # | |a Thư viện Trường Đại học Đà Lạt |